000 00885nam a2200205 a 4500
008 060316s1993 ||||||||||||||||| || u
020 _a0750608544
050 _aTA 173 Smi
100 _aSmith, David John, 1943-
245 1 0 _aReliability, maintainability, and risk : practical methods for engineers. (4th ed.)
250 _a4th ed.
260 _aOxford ;Boston :
_bButterworth-Heinemann
_c1993
300 _axii, 319 p. : ill.
350 _a0.00
650 _aMAINTAINABILITY (ENINEERING)
650 _aRELIABILITY (ENGINEERING)
650 _aENGINEERING DESIGN
995 _aMAIN LIBRARY OPEN ACCESS
_D0.00
_e025457
_FCBU-MAIN LIBRARY (Kitwe)
_H1
_I23.00
_jTS 173 Smi
_UAVAILABLE
_y025457
_ZMain Library Open Access Collection
995 _aMAIN LIBRARY OPEN ACCESS
_D0.00
_e025458
_FCBU-MAIN LIBRARY (Kitwe)
_H2
_I23.00
_jTS 173 Smi
_UAVAILABLE
_y025458
_ZMain Library Open Access Collection
999 _c80040
_d80040